History Quiz

Random History or Century Quiz

Click the Pre-20th Century US Presidents Quiz Stats

 Plays Quiz Updated Jun 11, 2018

Score 0/24 Timer 05:00
12 Plays Today
% Correct
Abraham Lincoln
93.5%
George Washington
91.1%
Thomas Jefferson
80.4%
Andrew Jackson
80%
John Adams
74.2%
Ulysses Grant
74%
James Madison
63.1%
Martin Van Buren
60%
Chester Arthur
59.9%
Andrew Johnson
56.6%
Grover Cleveland
56.6%
Rutherford Hayes
55.6%
% Correct
Franklin Pierce
54.8%
John Quincy Adams
54.1%
Zachary Taylor
52.5%
James Garfield
52.2%
William McKinley
51.9%
Millard Fillmore
48.9%
W.H. Harrison
47.9%
James Polk
47.8%
James Monroe
45.8%
Benjamin Harrison
44.9%
James Buchanan
44.7%
John Tyler
42.8%

You're not logged in!

Compare scores with friends on all Sporcle quizzes.
Join for Free
OR
Log In

You Might Also Like...

Show Comments

Extras

Top Quizzes Today


Score Distribution

Your Account Isn't Verified!

In order to create a playlist on Sporcle, you need to verify the email address you used during registration. Go to your Sporcle Settings to finish the process.

Report this User

Report this user for behavior that violates our Community Guidelines.

Details: